Movie Quotes Multiple Choice #3 - Statistics

General Stats
  • This quiz has been taken 22,110 times
  • The average score is 9 of 15
Answer Stats
Question Answer % Correct
My mama always said life was like a box of chocolates. You never know what you're gonna get. Forrest Gump
98%
I volunteer as tribute The Hunger Games
89%
With great power comes great responsibility Spider-Man
79%
That's not a knife. [draws a large Bowie knife] That's a knife. Crocodile Dundee
70%
Florals? For spring? Groundbreaking. The Devil Wears Prada
69%
But what I do have are a very particular set of skills, skills I have acquired over a very long career, skills that make me a nightmare for people like you Taken
68%
I have to return some videotapes American Psycho
67%
Look at me. Look at me. I am the captain now. Captain Phillips
66%
So, you’re telling me there’s a chance! Dumb and Dumber
62%
A million dollars isn't cool. You know what's cool? A billion dollars. The Social Network
49%
You had my curiosity. But now you have my attention. Django Unchained
48%
Big mistake. Big. Huge. Pretty Woman
47%
I'm also just a girl, standing in front of a boy, asking him to love her Notting Hill
46%
What is this? A center for ants? Zoolander
44%
My tastes are very singular Fifty Shades of Grey
41%
No matching quizzes found
Score Distribution
Percent of People with Each Score
Percentile by Number Answered
Your Score History
You have not taken this quiz